Trade, global policy, and the environment/ (Record no. 163590)

MARC details
000 -LEADER
fixed length control field 01343cam a2200325La 4500
008 - FIXED-LENGTH DATA ELEMENTS--GENERAL INFORMATION
fixed length control field
020 ## - INTERNATIONAL STANDARD BOOK NUMBER
International Standard Book Number 0821344587 (pbk. )
049 ## - LOCAL HOLDINGS (OCLC)
Holding library MAIN
050 14 - LIBRARY OF CONGRESS CALL NUMBER
Classification number HF1703 TRA
003 - CONTROL NUMBER IDENTIFIER
control field
005 - DATE AND TIME OF LATEST TRANSACTION
control field 20230123134314.0
040 ## - CATALOGING SOURCE
Transcribing agency NUST
245 00 - TITLE STATEMENT
Title Trade, global policy, and the environment/
Statement of responsibility, etc. edited by Per G. Fredriksson.
260 ## - PUBLICATION, DISTRIBUTION, ETC.
Place of publication, distribution, etc. Washington, D.C. :
Name of publisher, distributor, etc. World Bank,
Date of publication, distribution, etc. 1999.
300 ## - PHYSICAL DESCRIPTION
Extent xiii, 214 p. :
Other physical details ill. ;
Dimensions 28 cm.
490 1# - SERIES STATEMENT
Series statement World Bank discussion paper ;
Volume/sequential designation no. 402.
500 ## - GENERAL NOTE
General note Papers presented at a World Bank conference in April 1998.
504 ## - BIBLIOGRAPHY, ETC. NOTE
Bibliography, etc. note Includes bibliographical references.
533 ## - REPRODUCTION NOTE
Type of reproduction Electronic reproduction.
Place of reproduction Boulder, Colo. :
Agency responsible for reproduction NetLibrary,
Date of reproduction 2000.
Note about reproduction Available via the World Wide Web.
-- Available in multiple electronic file formats.
-- Access may be limited to NetLibrary affiliated libraries.
650 #0 - SUBJECT ADDED ENTRY--TOPICAL TERM
Topical term or geographic name entry element Free trade
General subdivision Environmental aspects
Form subdivision Congresses.
650 #0 - SUBJECT ADDED ENTRY--TOPICAL TERM
Topical term or geographic name entry element International trade
General subdivision Environmental aspects
Form subdivision Congresses.
650 #0 - SUBJECT ADDED ENTRY--TOPICAL TERM
Topical term or geographic name entry element Economic development
General subdivision Environmental aspects
Form subdivision Congresses.
700 1# - ADDED ENTRY--PERSONAL NAME
Personal name Fredriksson, Per.
710 2# - ADDED ENTRY--CORPORATE NAME
Corporate name or jurisdiction name as entry element World Bank.
710 2# - ADDED ENTRY--CORPORATE NAME
Corporate name or jurisdiction name as entry element NetLibrary, Inc.
776 1# - ADDITIONAL PHYSICAL FORM ENTRY
Qualifying information Original
Record control number (DLC) 99010251
-- (OCoLC)40644835.
830 #0 - SERIES ADDED ENTRY--UNIFORM TITLE
Uniform title World Bank discussion papers ;
Volume/sequential designation 402.
907 ## - LOCAL DATA ELEMENT G, LDG (RLIN)
a .b10223186
b 15-02-07
c 21-12-06
942 ## - ADDED ENTRY ELEMENTS (KOHA)
Koha item type Ordinary Loan Books
Holdings
Date last seen Total Checkouts Full call number Barcode Cost, replacement price Price effective from Koha item type Lost status Source of classification or shelving scheme Damaged status Not for loan Collection Withdrawn status Home library Current library Shelving location Date acquired Cost, normal purchase price
01/23/2023 3 HF1703 TRA 92003011159 80.00 01/23/2023 BOOKS   LCC     NFIC   MAIN MAIN GEN 01/23/2023 80.00